000 00647nam a22001937a 4500
003 OSt
005 20251126163258.0
008 251126b |||||||| |||| 00| 0 eng d
020 _a978-1-68251-974-5 ISBN
040 _aDWCL Main-Lib
_cOC
082 _aCirc. 624.1 IN58 2024
100 _aKassler, Ding
245 _aInnovations in Structural Engineering and Construction
_cDing Kassler
260 _aNew York:
_bIntelliz Press LLC,
_cc2024
300 _axi, 295 pages:
_billustrations;
_c23 cm.
504 _aIncludes bibliographical references and index.
650 _a1. structural engineering-innovations
942 _2ddc
_cBK-CIRC
_kCirc.
_n0
999 _c6411
_d6411